| 000 | 00482nam a22001577a 4500 | ||
|---|---|---|---|
| 003 | OSt | ||
| 005 | 20151001095355.0 | ||
| 008 | 151001b xxu||||| |||| 00| 0 eng d | ||
| 040 | _cRUA | ||
| 082 | _aAVM នេត 1992 B065 Or.1 | ||
| 100 |
_91651 _aនេត នាថ |
||
| 245 | _aជម្ងឺអុតក្តាមគោ ក្របី នៅប្រទេសកម្ពុជា | ||
| 260 |
_aPhnom Penh _bRUA _c1992 |
||
| 300 |
_a87p. _bill. _c29cm. |
||
| 942 |
_2ddc _cAVM |
||
| 999 |
_c1559 _d1559 |
||